00420nam a2200145Ia 4500003000400000005001700004008004100021040001800062041000800080100004500088110001500133245006500148260002000213710004100233OSt20260306094939.0211028s2008 xx 000 0 und d cAIMIT LIBRARY aeng aShetty, Samit Anand; Pavithra.g50971286 aHemalatha. aElectronic distributor and reseller network administration / aMangalorec2008 aMaventic Innovative Solution Pvt Ltd